000 00528nam a2200193Ia 4500
003 GCL
008 140319s9999 xx 000 0 eng d
040 _aGCL /
_cGCL
082 0 4 _a720.92
_bS A
100 1 _aSCHILDT, GORAN
245 1 0 _aALVAR AALTO: THE COMPLETE CATALOGUE OF ARCHITECTURE DESIGN AND ART /
_cSCHILDT, GORAN
260 _a[S.N] :
_bACADEMY EDITIONS ،
_c1994
300 _a317 P
650 0 4 _aHOUSING
650 0 4 _aARCHITECTS
650 0 4 _aMODERN ARCHITECTURE
650 0 4 _aAALTO, ALVAR
942 _2ddc
_cBK
999 _c11035
_d11035